Most Assists in Premier League history - Statistics

General Stats
  • This quiz has been taken 76 times
  • The average score is 25 of 49
Answer Stats
Assists Team Answer % Correct
119 Manchester City Kevin De Bruyne
96%
162 Manchester United Ryan Giggs
95%
93 Manchester City David Silva
93%
55 Manchester United Paul Scholes
93%
103 Manchester United Wayne Rooney
93%
102 Chelsea Frank Lampard
91%
92 Liverpool Steven Gerrard
91%
89 Liverpool Mohammed Salah
89%
71 Tottenham Hotspur Heung-Min Son
84%
74 Arsenal Thierry Henry
84%
94 Arsenal Dennis Bergkamp
81%
64 Newcastle Alan Shearer
79%
111 Arsenal Cesc Fabregas
74%
80 Manchester United David Beckham
74%
73 Manchester United Andrew Cole
67%
90 Manchester City James Milner
67%
53 Manchester United Bruno Fernandes
65%
54 Arsenal Mesut Ozil
60%
54 Chelsea Eden Hazard
58%
50 Liverpool Roberto Firmino
54%
53 Arsenal Robin van Persie
54%
60 Liverpool Andy Robertson
51%
64 Liverpool Trent Alexander-Arnold
51%
64 Everton Gareth Barry
49%
60 Liverpool Jordan Henderson
49%
76 Manchester United Teddy Sheringham
49%
55 Chelsea Didier Drogba
47%
61 Manchester City Riyad Mahrez
46%
74 Manchester United Ashley Young
42%
53 Everton Leighton Baines
40%
58 Liverpool Peter Crouch
40%
78 Tottenham Hotspur Christian Eriksen
39%
56 Manchester United Eric Cantona
39%
63 Southampton Matt Le Tissier
39%
53 Liverpool Emile Heskey
35%
54 Chelsea Juan Mata
33%
56 Arsenal Theo Walcott
30%
59 Middlesbrough Stewart Downing
26%
55 Blackburn Rovers Damien Duff
25%
55 Bolton Wanderers Kevin Davies
23%
59 Liverpool Steve McManaman
18%
50 Tottenham Hotspur Aaron Lennon
16%
50 Everton Gylfi Sigurdsson
12%
62 Newcastle Nolberto Solano
12%
55 Tottenham Hotspur Danny Murphy
9%
68 Tottenham Hotspur Darren Anderton
7%
50 Tottenham Hotspur Nick Barmby
7%
58 Chelsea Jimmy Floyd Hasselbank
5%
55 Fulham Steed Malbranque
5%
No matching quizzes found
Score Distribution
Percent of People with Each Score
Percentile by Number Answered
Your Score History
You have not taken this quiz